Music Quiz

Random Music or Artist Quiz
Score 0/20 Timer 05:00
1 Play Today
% Correct
Gold Digger
73.2%
Ebony and Ivory
69.7%
California Gurls
68.1%
Love the Way You Lie
60.4%
Scream & Shout
51.7%
DJ Got Us Fallin' in Love
47.6%
I Need a Doctor
43%
Say say say
34.1%
4 Minutes
34%
Still D.R.E.
33.1%
% Correct
International Love
32.1%
E.T.
31.3%
Love Me Harder
28.8%
Work
25.7%
Me Against the Music
23.9%
Love Never Felt So Good
19%
OMG
17.4%
Faith
10.2%
The Zone
7.7%
You Changed Me
5.6%
Come Together.
Have Fun.
All Virtual.
We all need to come together. Play Sporcle's virtual live trivia to have fun, connect with people, and get your trivia on. Join a live hosted trivia game for your favorite pub trivia experience done virtually. If a virtual private party is more your thing, go here for details.

You're not logged in!

Compare scores with friends on all Sporcle quizzes.
OR
Log In

Sporcle TV

Today on Sporcle TV


Watch our educational content, quiz creation guides, and fun videos on Sporcle TV.

Show Comments

Extras

Top Quizzes Today


Score Distribution

Paid Content

Your Account Isn't Verified!

In order to create a playlist on Sporcle, you need to verify the email address you used during registration. Go to your Sporcle Settings to finish the process.

Report this User

Report this user for behavior that violates our Community Guidelines.

Details: